000 00655nam a2200217Ia 4500
005 20250508170124.0
008 008 250505s9999 xx 000 0 eng d
020 _a978-0-367-60820-0
037 _aReference
040 _aFEDL
_beng
_cFEDL
041 _aeng
_2eng
084 _a510.71, STE/RR
_qFEDL
100 _aStemhagen Kurt
_9783107
245 0 _aDemocracy and mathematics education: Rethinking school math for our troubled times
260 _aLondon, UK
_bRoutledge
_c2021
300 _a200p.
365 _aGBP
_b36.99
700 _a Henney Catherine
_9783108
942 _cREF
_h510.71, STE/RR
999 _c1399325
_d1399325